| 000 | 00772cam a2200229 4500 | ||
|---|---|---|---|
| 001 | ABS62342 | ||
| 008 | 000000n2000 000 0 eng u | ||
| 035 | _a(Sirsi) u106031 | ||
| 100 | _aKhatri, M. | ||
| 245 | 4 | _aThe construction industry hits the internet | |
| 260 | _c2000 | ||
| 490 |
_aCSM _bChartered Surveyor Monthly _v5 May 2000, 28-29(2) |
||
| 520 | _aConsiders how the internet can benefit the construction industry. Suggests that the internet can help save time and money and assist in integrating the supply chain. | ||
| 590 | _aABS | ||
| 650 | _aINTERNET | ||
| 650 | _aCONSTRUCTION INDUSTRY | ||
| 650 | _aSUPPLY CHAIN | ||
| 650 | _aE-COMMERCE | ||
| 650 | _aMANAGEMENT-PROJECT MANAGEMENT | ||
| 690 | _aINFORMATION TECHNOLOGY-INTERNET | ||
| 942 | _n0 | ||
| 999 |
_c63506 _d63506 |
||